| 000 | 00459nam a2200181Ia 4500 | ||
|---|---|---|---|
| 001 | 9024 | ||
| 005 | 20260306160653.0 | ||
| 008 | 260306t2017||||xx |||||||||||||| ||spa|| | ||
| 041 | _aESP | ||
| 082 |
_a372.35 _bR68 |
||
| 100 |
_aRivero García, Ana _eAUT |
||
| 245 | 0 | _aDidáctica de las ciencias experimentales en educación primaria | |
| 260 | _c2017 | ||
| 300 |
_a268 páginas : _c23 cm. |
||
| 650 | _aGEN | ||
| 654 | _aCED | ||
| 942 |
_cLIB _dJUS _fJUS _2ddc _n |
||
| 999 |
_c9024 _d9024 |
||